000 00341nam a2200145Ia 4500
100 _aHansen B L/ Ghare/R.M
942 _cBK
654 _aQuality Control.
245 _aQuality Control. & Application
260 _bPrentice Hall of India
_aNew Delhi
_c1993
082 _a658.562
_bPAN
300 _a498
546 _aENGLISH
999 _c23179
_d23179